<?xml version="1.0" encoding="UTF-8"?>
<record
    xmlns:xsi="http://www.w3.org/2001/XMLSchema-instance"
    xsi:schemaLocation="http://www.loc.gov/MARC21/slim http://www.loc.gov/standards/marcxml/schema/MARC21slim.xsd"
    xmlns="http://www.loc.gov/MARC21/slim">

  <leader>01191nam1a2200313 i 4500</leader>
  <controlfield tag="001">RU\NLR\bibl\974274</controlfield>
  <controlfield tag="005">20241115065754.0</controlfield>
  <datafield tag="035" ind1=" " ind2=" ">
    <subfield code="a">(NLR Aleph) 000962206</subfield>
  </datafield>
  <datafield tag="090" ind1=" " ind2=" ">
    <subfield code="a">346566</subfield>
    <subfield code="c">346566</subfield>
  </datafield>
  <datafield tag="100" ind1=" " ind2=" ">
    <subfield code="a">20060810g20069999u  y0rusy50      ca</subfield>
  </datafield>
  <datafield tag="101" ind1="0" ind2=" ">
    <subfield code="a">rus</subfield>
  </datafield>
  <datafield tag="102" ind1=" " ind2=" ">
    <subfield code="a">RU</subfield>
  </datafield>
  <datafield tag="105" ind1=" " ind2=" ">
    <subfield code="a">||||z   |||||</subfield>
  </datafield>
  <datafield tag="200" ind1="1" ind2=" ">
    <subfield code="a">&#x41F;&#x43E;&#x441;&#x43B;&#x430;&#x43D;&#x438;&#x44F; &#x43A; &#x433;&#x430;&#x43B;&#x430;&#x442;&#x430;&#x43C; &#x438; &#x440;&#x438;&#x43C;&#x43B;&#x44F;&#x43D;&#x430;&#x43C;</subfield>
    <subfield code="e">&#x443;&#x447;&#x435;&#x431;&#x43D;&#x43E;&#x435; &#x43F;&#x43E;&#x441;&#x43E;&#x431;&#x438;&#x435;</subfield>
  </datafield>
  <datafield tag="210" ind1=" " ind2=" ">
    <subfield code="a">[&#x411;.&#x43C;.</subfield>
    <subfield code="c">&#x431;.&#x438;.</subfield>
    <subfield code="d">2006]</subfield>
    <subfield code="e">&#x41E;&#x410;&#x41E; "&#x41C;&#x43E;&#x436;&#x430;&#x439;&#x441;. &#x43F;&#x43E;&#x43B;&#x438;&#x433;&#x440;. &#x43A;&#x43E;&#x43C;&#x431;."</subfield>
  </datafield>
  <datafield tag="215" ind1=" " ind2=" ">
    <subfield code="d">21</subfield>
  </datafield>
  <datafield tag="463" ind1=" " ind2="0">
    <subfield code="1">001969227</subfield>
  </datafield>
  <datafield tag="463" ind1=" " ind2="0">
    <subfield code="1">001971098</subfield>
  </datafield>
  <datafield tag="605" ind1=" " ind2=" ">
    <subfield code="a">&#x411;&#x438;&#x431;&#x43B;&#x438;&#x44F;</subfield>
    <subfield code="i">&#x41D;&#x43E;&#x432;&#x44B;&#x439; &#x417;&#x430;&#x432;&#x435;&#x442;</subfield>
    <subfield code="i">&#x41F;&#x43E;&#x441;&#x43B;&#x430;&#x43D;&#x438;&#x435; &#x43A; &#x433;&#x430;&#x43B;&#x430;&#x442;&#x430;&#x43C;</subfield>
    <subfield code="x">&#x418;&#x441;&#x441;&#x43B;&#x435;&#x434;&#x43E;&#x432;&#x430;&#x43D;&#x438;&#x435; &#x442;&#x435;&#x43A;&#x441;&#x442;&#x430;</subfield>
    <subfield code="9">2088793</subfield>
    <subfield code="3">RU\NLR\auth\661264490</subfield>
  </datafield>
  <datafield tag="605" ind1=" " ind2=" ">
    <subfield code="a">&#x411;&#x438;&#x431;&#x43B;&#x438;&#x44F;</subfield>
    <subfield code="i">&#x41D;&#x43E;&#x432;&#x44B;&#x439; &#x417;&#x430;&#x432;&#x435;&#x442;</subfield>
    <subfield code="i">&#x41F;&#x43E;&#x441;&#x43B;&#x430;&#x43D;&#x438;&#x435; &#x43A; &#x440;&#x438;&#x43C;&#x43B;&#x44F;&#x43D;&#x430;&#x43C;</subfield>
    <subfield code="x">&#x418;&#x441;&#x441;&#x43B;&#x435;&#x434;&#x43E;&#x432;&#x430;&#x43D;&#x438;&#x435; &#x442;&#x435;&#x43A;&#x441;&#x442;&#x430;</subfield>
    <subfield code="9">2084308</subfield>
    <subfield code="3">RU\NLR\auth\661260391</subfield>
  </datafield>
  <datafield tag="606" ind1=" " ind2=" ">
    <subfield code="a">&#x415;&#x432;&#x430;&#x43D;&#x433;&#x435;&#x43B;&#x438;&#x437;&#x430;&#x446;&#x438;&#x44F;</subfield>
    <subfield code="9">2082319</subfield>
    <subfield code="3">RU\NLR\auth\661258340</subfield>
  </datafield>
  <datafield tag="686" ind1=" " ind2=" ">
    <subfield code="a">&#x42D;37-220.913.2</subfield>
  </datafield>
  <datafield tag="801" ind1=" " ind2="0">
    <subfield code="a">RU</subfield>
    <subfield code="b">NLR</subfield>
    <subfield code="c">20060810</subfield>
    <subfield code="g">rcr</subfield>
  </datafield>
  <datafield tag="801" ind1=" " ind2="1">
    <subfield code="a">RU</subfield>
    <subfield code="b">NLR</subfield>
    <subfield code="c">20060810</subfield>
  </datafield>
  <datafield tag="852" ind1=" " ind2=" ">
    <subfield code="a">NLR</subfield>
    <subfield code="j">2006-3/19854</subfield>
  </datafield>
  <datafield tag="942" ind1=" " ind2=" ">
    <subfield code="c">BOOK</subfield>
  </datafield>
</record>
